| 000 | 01495cam a22003734a 4500 | ||
|---|---|---|---|
| 999 |
_c3112 _d3112 |
||
| 001 | 14283347 | ||
| 003 | GZU | ||
| 005 | 20201117160143.0 | ||
| 008 | 060302s2007 mau b 000 0 eng | ||
| 010 | _a 2006007481 | ||
| 020 | _a1405129514 (hardback : alk. paper) | ||
| 020 | _a9781405129510 (hardback : alk. paper) | ||
| 020 | _a1405129522 (pbk. : alk. paper) | ||
| 020 | _a9781405129527 (pbk. : alk. paper) | ||
| 035 | _a(OCoLC)ocm64624856 | ||
| 035 | _a(OCoLC)64624856 | ||
| 040 |
_aDLC _cDLC _dDLC |
||
| 042 | _apcc | ||
| 050 | 0 | 0 |
_aBJ1012 _b.FOU 2007 |
| 245 | 0 | 0 |
_aFoundations of ethics : _ban anthology / _cedited by Russ Shafer-Landau and Terence Cuneo. |
| 260 |
_aMalden, MA : _bBlackwell Pub., _c2007. |
||
| 300 |
_axi, 504 p. ; _c25 cm. |
||
| 490 | 0 |
_aBlackwell philosophy anthologies ; _v26 |
|
| 504 | _aIncludes bibliographical references. | ||
| 650 | 0 | _aEthics. | |
| 700 | 1 |
_aShafer-Landau, Russ. _eeditor |
|
| 700 | 1 |
_aCuneo, Terence, _d1969- _eeditor |
|
| 856 | 4 | 1 |
_3Table of contents only _uhttp://www.loc.gov/catdir/toc/ecip0610/2006007481.html |
| 856 | 4 | 2 |
_3Contributor biographical information _uhttp://www.loc.gov/catdir/enhancements/fy0802/2006007481-b.html |
| 856 | 4 | 2 |
_3Publisher description _uhttp://www.loc.gov/catdir/enhancements/fy0802/2006007481-d.html |
| 906 |
_a7 _bcbc _corignew _d1 _eecip _f20 _gy-gencatlg |
||
| 942 |
_2lcc _cBK _h1012 _iFOU _kBJ |
||